Central Library OPAC University of Rajshahi

Théâtre français contemporain / (Record no. 53364)

MARC details
000 -LEADER
fixed length control field 01061nam a2200277 a 4500
001 - CONTROL NUMBER
control field 53364
003 - CONTROL NUMBER IDENTIFIER
rucl marc code BD-RjUL
005 - DATE AND TIME OF LATEST TRANSACTION
control field 20211209075941.0
008 - FIXED-LENGTH DATA ELEMENTS--GENERAL INFORMATION
fixed length control field 161005s2000 fr f000 0 fre
035 ## - SYSTEM CONTROL NUMBER
System control number (BD-RjUL)53484
040 ## - CATALOGING SOURCE
Original cataloging agency DLC
Transcribing agency DLC
Modifying agency BD-RjUL
Language of cataloging eng
041 ## - LANGUAGE CODE
Language code of text/sound track or separate title eng
082 00 - DEWEY DECIMAL CLASSIFICATION NUMBER
Edition number 23
Classification number 842.092
Author mark and year THT 2000
100 1# - MAIN ENTRY--PERSONAL NAME
Personal name Thibaudat, Jean-Pierre.
9 (RLIN) 159486
245 10 - TITLE STATEMENT
Title Théâtre français contemporain /
Statement of responsibility, etc. [Jean-Pierre Thibaudat].
260 ## - PUBLICATION, DISTRIBUTION, ETC. (IMPRINT)
Place of publication, distribution, etc. Paris :
Name of publisher, distributor, etc. Ministère des affaires étrangères ;
-- ADPF,
Date of publication, distribution, etc. 2000.
300 ## - PHYSICAL DESCRIPTION
Pagination 160 p. ;
Size 25 cm.
500 ## - GENERAL NOTE
General note Published on the occasion of an exhibition on the theater.
504 ## - BIBLIOGRAPHY, ETC. NOTE
Bibliography, etc "Tentative d'inventaire pour une bibliothèque idéale du théâtre français": p. 28-108.
650 #0 - SUBJECT ADDED ENTRY--TOPICAL TERM
Topical term or geographic name as entry element Theater
Form subdivision Bibliography.
9 (RLIN) 159487
Topical term or geographic name as entry element French drama
Form subdivision Bibliography.
9 (RLIN) 159488
Topical term or geographic name as entry element Theater
Geographic subdivision France
General subdivision History
Chronological subdivision 20th century.
9 (RLIN) 159489
710 2# - ADDED ENTRY--CORPORATE NAME
Corporate name or jurisdiction name as entry element Association pour la diffusion de la pensée française.
9 (RLIN) 159490
Corporate name or jurisdiction name as entry element France.
Subordinate unit Ministère des affaires étrangères.
9 (RLIN) 159491
942 ## - ADDED ENTRY ELEMENTS (KOHA)
Source of classification or shelving scheme Dewey Decimal Classification
Koha item type Books
Holdings
Lost status Source of classification or shelving scheme Damaged status Not for loan Collection code Permanent Location Current Location Shelving location Date acquired Source of acquisition Total Checkouts Full call number Date last seen Copy number Koha item type
  Dewey Decimal Classification     Non-fiction Central Library, University of Rajshahi Central Library, University of Rajshahi   02/01/2008 rajshihi   842.092 THT 2000 05/10/2016 C-2 Books
  Dewey Decimal Classification   Not For Loan Non-fiction Central Library, University of Rajshahi Central Library, University of Rajshahi Reading Room 02/01/2008 auther R.U.   842.092 THT 2000 23/01/2017 C-1 Books